| 000 | 00395nam a2200157Ia 4500 | ||
|---|---|---|---|
| 020 | _a0697131823 | ||
| 020 | _a9780697131829 | ||
| 040 | _cZHM | ||
| 082 | _a709 BRO 1994 A086 Or. | ||
| 100 | 1 | _aAdams, Laurie. | |
| 245 | 1 | 2 | _aA history of Western art / |
| 260 |
_aMadison, Wis. : _bBrown & Benchmark, _c1994. |
||
| 300 |
_a512 p. : _bill. (some col.) ; _c28 cm. |
||
| 650 | 0 | _aArt | |
| 942 | _cEK | ||
| 999 |
_c11651 _d11651 |
||